• 首页
  • 本馆介绍
  • 公告通知
  • 最新文献
  • 馆藏检索
  • 电子资源
  • 读者导购
  • 参考咨询
  • 我的图书馆
  • 登录
  • 详细信息显示
  • 放入我的书架
  • 预约/预借图书
  • 作者相关作品
  • 分类相关作品
  • 丛书相关作品
  • 出版社相关作品

书目信息

  • 表格格式
  • 工作单格式
  • 卡片格式
题名:
当代中国的黑龙江
    
 
作者: 陈雷 , 侯捷 主编
分册: 下册  
出版信息: 北京   中国社会科学出版社  1991
页数: 493页
开本: 20cm
丛书名:
单 册:
中图分类: Z121.7
科图分类:
主题词: 丛书--中国
电子资源:
ISBN: 7-5004-0698-3
000 00633nam0 2200205 450
001 0656638343
005 20061127154722.35
010    @a7-5004-0698-3@b精装@dCNY26.55(上下册)
100    @a20061127d1991 km y0chiy0120 ea
101 0  @achi
102    @aCN@b110000
200 1  @a当代中国的黑龙江@Adang dai zhong guo de hei long jiang@h下册@f陈雷,侯捷主编@Fchen lei,hou jie zhu bian
210    @a北京@c中国社会科学出版社@d1991
215    @a493页@c插图@d20cm
606 0  @a丛书@x中国
690    @aZ121.7@v3
701  0 @a陈雷@Achen lei@4主编
701  0 @a侯捷@Ahou jie@4主编
801  0 @aCN@bPFT@c20061127
905    @a10447@dZ121.7@e34:11(2)
    
    当代中国的黑龙江.下册/陈雷,侯捷主编.-北京:中国社会科学出版社,1991
    493页:插图;20cm
    
    
    ISBN 7-5004-0698-3(精装):CNY26.55(上下册)
    
●
相关链接 在E读中查询图书 在五车中查询图书 在当当中查询图书 在豆瓣中查询图书


正题名:当代中国的黑龙江     索取号:Z121.7/34:11(2)         预约/预借

序号 登录号 条形码 馆藏地/架位号 状态 备注
1 0253655   001562918   第二样本阅览室/ [索取号:Z121.7/34:11(2)] 在馆    
唐山师范学院图书馆 欢迎您!
大连网信软件有限公司© 版权所有